Music Quiz

Random Music or Song Quiz

Rent songs Quiz Stats

 Plays Quiz not verified by Sporcle

Score 0/11 Timer 10:00
0 Plays Today
% Correct
rent
92.8%
seasons of love
70.3%
la vie boheme
62.7%
out tonight
52.5%
ill cover you
51.3%
take me or leave me
50.8%
tango maureen
43.6%
what you own
37.7%
today 4 u
35.2%
goodbye love
30.9%
finale B
22%

You're not logged in!

Compare scores with friends on all Sporcle quizzes.
OR
Log In

Show Comments

Extras

Created Nov 17, 2010ReportNominate
Tags:Song Quiz, rent

Top Quizzes Today


Score Distribution

Your Account Isn't Verified!

In order to create a playlist on Sporcle, you need to verify the email address you used during registration. Go to your Sporcle Settings to finish the process.

Report this User

Report this user for behavior that violates our Community Guidelines.

Details: